|
|
|
|
| LEADER |
00875cam a2200253 7i4500 |
| 001 |
0000021403 |
| 005 |
20080704090000.0 |
| 020 |
0 |
0 |
|a 978-983-43686-0-9
|
| 090 |
0 |
0 |
|a B 382.6
|b TEO
|
| 100 |
1 |
0 |
|a Teoh
|
| 245 |
1 |
0 |
|a Exporting and International trade.
|
| 260 |
0 |
0 |
|a Kuala Lumpur:
|b Cyclair,
|c 2008.
|
| 300 |
# |
# |
|a 282 p.
|
| 650 |
0 |
0 |
|a Business
|
| 650 |
0 |
0 |
|a Export
|
| 650 |
0 |
0 |
|a International trade
|
| 650 |
0 |
0 |
|a Marketing research
|
| 999 |
|
|
|a JHR000108H
|b Book
|c Book
|e MATRADE Southern Regional Office
|
| 999 |
|
|
|a 0000022523
|b Book
|c Book
|e Business Information Centre
|
| 999 |
|
|
|a 0000022524
|b Book
|c Book
|e Business Information Centre
|
| 999 |
|
|
|a PNG000815H
|b Book
|c Book
|e MATRADE Northern Regional Office
|
| 999 |
|
|
|a SBH000784H
|b Book
|c Book
|e MATRADE Sabah
|
| 999 |
|
|
|a SRW000211H
|b Book
|c Book
|e MATRADE Sarawak
|
| 999 |
|
|
|a TRG000064H
|b Book
|c Book
|e MATRADE Eastern Regional Office
|